| 000 | 00564nam a2200193 a 4500 | ||
|---|---|---|---|
| 001 | 0286 | ||
| 005 | 20140414131926.0 | ||
| 008 | 040909s19uu xx 00 eng d | ||
| 020 | _a1-875980-46-6 | ||
| 050 |
_aER _bR53 1996 |
||
| 100 | _aHealey, Austin | ||
| 245 |
_aRobbie beats them all / _cAustin Healey, Susie Waite ; illustrated by Chris Lynch. |
||
| 260 |
_aAustralia : _bRedwoods Editions, _c1996. |
||
| 300 | _a1 v.p. : ill. ; cm. | ||
| 650 |
_aCar race _xFiction. |
||
| 650 |
_aCompetition _xFiction. |
||
| 650 | _aChildren stories. | ||
| 999 |
_c112027 _d112027 |
||